Normal view
MARC view
Entry Geographic Name
001 - CONTROL NUMBER
- control field: 44331
003 - CONTROL NUMBER IDENTIFIER
- control field: ARRUPE
005 - DATE AND TIME OF LATEST TRANSACTION
- control field: 20190131121509.0
008 - FIXED-LENGTH DATA ELEMENTS
- fixed length control field: 190131|| aca||aabn | a|a d
040 ## - CATALOGING SOURCE
- Original cataloging agency: ARRUPE
- Transcribing agency: ARRUPE
151 ## - HEADING--GEOGRAPHIC NAME
- Geographic name: England
- General subdivision: Civilization
- General subdivision: Scandinavian influences.
670 ## - SOURCE DATA FOUND
- Source citation: Work cat.: (ARRUPE)0: Hall, R. A. (Richard Andrew), 1949-2011. 44326, The Viking dig :, 1984.